000 00355nam a2200145Ia 4500
008 230917s9999||||xx |||||||||||||| ||und||
040 _e75415
_aMAIN
041 _aEnglish
082 _a658.8 C832M
100 _aCoulson-Thomas, Colin J
245 0 _aMarketing communications
260 _aLondon
_bHeinemann
_c1983
300 _axi, 339 p.
942 _cBK
999 _c38274
_d38274